100 Famous Painters by Most Famous Work - Statistics

General Stats
  • This quiz has been taken 1,070 times
    1,027 since last reset
  • The average score is 35 of 100
Answer Stats
Painting Year Artist % Correct
Mona Lisa 1503 Leonardo da Vinci
93%
Guernica 1937 Pablo Picasso
90%
The Starry Night 1889 Vincent van Gogh
90%
The Birth of Venus 1486 Sandro Botticelli
83%
The Scream 1893 Edvard Munch
82%
The Persistence of Memory 1931 Salvador Dalí
82%
The Kiss 1908 Gustav Klimt
81%
Girl with a Pearl Earring 1665 Johannes Vermeer
81%
The Night Watch 1642 Rembrandt
81%
Olympia 1863 Édouard Manet
80%
Saturn Devouring His Son 1823 Francisco Goya
75%
Las Meninas 1656 Diego Velázquez
74%
The Beach at Sainte-Adresse 1867 Claude Monet
73%
A Sunday Afternoon on the Island of La Grande Jatte 1886 Georges Seurat
72%
Sistine Madonna 1512 Raphael
71%
Diego and I 1949 Frida Kahlo
70%
Liberty Leading the People 1830 Eugène Delacroix
68%
Luncheon of the Boating Party 1881 Pierre-Auguste Renoir
68%
Nighthawks 1942 Edward Hopper
66%
Composition 8 1923 Wassily Kandinsky
65%
American Gothic 1930 Grant Wood
63%
The Garden of Earthly Delights 1515 Hieronymus Bosch
63%
Arnolfini Portrait 1434 Jan van Eyck
62%
View of Toledo 1600 El Greco
60%
At the Moulin Rouge 1895 Henri de Toulouse-Lautrec
60%
Whistler's Mother 1871 James Abbott McNeill Whistler
58%
The Card Players 1895 Paul Cézanne
58%
L'Absinthe 1875 Edgar Degas
57%
Medusa 1598 Caravaggio
56%
The Great Wave off Kanagawa 1831 Hokusai
56%
Napoleon Crossing the Alps 1801 Jacques-Louis David
55%
The Fighting Temeraire 1839 J. M. W. Turner
53%
Composition with Red Blue and Yellow 1930 Piet Mondrian
52%
The Son of Man 1964 René Magritte
50%
Venus of Urbino 1534 Titian
48%
Black Iris 1926 Georgia O'Keeffe
46%
Study after Velázquez's Portrait of Pope Innocent X 1953 Francis Bacon
40%
Wanderer above the Sea of Fog 1818 Caspar David Friedrich
37%
The Desperate Man 1845 Gustave Courbet
34%
The Farm 1922 Joan Miró
34%
The Hunters in the Snow 1565 Pieter Bruegel the Elder
34%
The Flower Carrier 1935 Diego Rivera
33%
The Gleaners 1857 Jean-François Millet
33%
Kiss of Judas 1306 Giotto
32%
Grande Odalisque 1814 Jean Auguste Dominique Ingres
32%
The Blue Boy 1770 Thomas Gainsborough
31%
Little Girl in a Blue Armchair 1878 Mary Cassatt
30%
In the Car 1963 Roy Lichtenstein
29%
Laughing Cavalier 1624 Frans Hals
27%
Three Flags 1958 Jasper Johns
27%
Portrait of Madame X 1884 John Singer Sargent
27%
Black Square 1915 Kazimir Malevich
27%
Nu couché (Red Nude) 1917 Amedeo Modigliani
26%
Christina’s World 1948 Andrew Wyeth
25%
Mr and Mrs Clark and Percy 1971 David Hockney
25%
Yellow Cow 1911 Franz Marc
24%
The Veteran in a New Field 1865 Winslow Homer
22%
Self-Portrait with Chinese Lantern Plant 1912 Egon Schiele
21%
Hollywood Africans 1983 Jean-Michel Basquiat
21%
Barge Haulers on the Volga 1873 Ilya Repin
19%
Woman-Ochre 1955 Willem de Kooning
19%
The Boulevard Montmartre at Night 1897 Camille Pissarro
18%
Freedom from Want 1943 Norman Rockwell
17%
Benefits Supervisor Sleeping 1995 Lucian Freud
16%
Washington Crossing the Delaware 1851 Emanuel Leutze
15%
The Indian Church 1929 Emily Carr
15%
Dynamism of a Dog on a Leash 1912 Giacomo Balla
14%
The Heart of the Andes 1859 Frederic Church
13%
Lansdowne Portrait 1796 Gilbert Stuart
13%
A Wall in Naples 1782 Thomas Jones
13%
Agony in the Garden 1465 Giovanni Bellini
12%
The Tribute Money 1425 Masaccio
12%
Plum Park in Kameido 1857 Hiroshige
10%
Pollice Verso 1872 Jean-Léon Gérôme
10%
Flaming June 1895 Frederic Leighton
9%
The Ninth Wave 1850 Ivan Aivazovsky
9%
Stańczyk 1862 Jan Matejko
9%
Stag at Sharkey’s 1909 George Bellows
8%
Necronom IV 1976 H.R. Giger
8%
In the West of Ireland 1974 Paul Henry
8%
Morning in a Pine Forest 1889 Ivan Shishkin
7%
The Maid in the Kitchen 1886 Anna Ancher
6%
The Triumph of Venus 1740 François Boucher
6%
The Skating Minister 1795 Henry Raeburn
6%
The Last Day of Pompeii 1833 Karl Bryullov
6%
Bathing of a Red Horse 1912 Kuzma Petrov-Vodkin
6%
Rutu 1951 Rita Angus
6%
The Earth is a Man 1942 Roberto Matta
6%
Carcase in Swamp 1955 Sidney Nolan
6%
Girl with Peaches 1887 Valentin Serov
6%
The Apotheosis of War 1871 Vasily Vereshchagin
6%
Beach in Bretanji 1900 Nadežda Petrović
5%
Columbine in Green 1874 Nicolae Grigorescu
5%
Protein, Squirrel and Cherries 1944 Qi Baishi
5%
The Jungle 1943 Wilfredo Lam
5%
Three Beauties of the Present Day 1793 Utamaro
4%
The Tortoise Trainer 1906 Osman Hamdi Bey
3%
Fisherman in a Red Shirt 1908 Niko Pirosmani
2%
To You, Humanity! 1961 Tahir Salahov
2%
Moonlit Night on the Dnieper 1880 Arkhip Kuindzhi
1%
No matching quizzes found
Score Distribution
Percent of People with Each Score
Percentile by Number Answered
Your Score History
You have not taken this quiz since the last reset